| 000 | 00860nam a2200253 a 4500 | ||
|---|---|---|---|
| 005 | 20200104041511.0 | ||
| 008 | 140220b1996 ck |||||rm||| 00| 0 spa d | ||
| 040 |
_aCO-BoIAVH _cCO-BoIAVH |
||
| 041 | _aspa | ||
| 044 | _ack | ||
| 090 |
_aTE _b0075 |
||
| 100 | 1 | _aLozano Zambrano, Fabio Herney | |
| 245 | 1 | 0 |
_aPasalidos : _bdistribución y efecto de la deforestación en el transecto altitudinal Tumaco-Chiles (Nariño). |
| 260 |
_aSantiago de Cali: _bUniversidad del Valle, _c1996. |
||
| 300 | _a64 p. | ||
| 500 | _aTrabajo de grado para optar al título de biologo entomologo | ||
| 650 | _aEntomofauna terrestre | ||
| 650 | _aInventarios | ||
| 650 | _aDistribución altitudinal | ||
| 650 | _aDeforestación | ||
| 650 | _aColeópteros | ||
| 700 | 1 |
_aChacón de Ulloa, Patricia _edirectora |
|
| 942 |
_cTESIS _2z |
||
| 999 |
_c459 _d459 |
||